Central Library OPAC University of Rajshahi

Hindu law digest : (Record no. 49060)

MARC details
000 -LEADER
fixed length control field 00708nam a2200241 a 4500
001 - CONTROL NUMBER
control field 49060
003 - CONTROL NUMBER IDENTIFIER
rucl marc code BD-RjUL
005 - DATE AND TIME OF LATEST TRANSACTION
control field 20211209054628.0
008 - FIXED-LENGTH DATA ELEMENTS--GENERAL INFORMATION
fixed length control field 160817s1962 ii 000 0 eng
035 ## - SYSTEM CONTROL NUMBER
System control number (BD-RjUL)49179
040 ## - CATALOGING SOURCE
Original cataloging agency DLC
Transcribing agency CarP
Modifying agency DLC
-- BD-RjUL
Language of cataloging eng
041 ## - LANGUAGE CODE
Language code of text/sound track or separate title eng
082 ## - DEWEY DECIMAL CLASSIFICATION NUMBER
Edition number 23
Classification number 349.54
Author mark and year SAH 1962
100 1# - MAIN ENTRY--PERSONAL NAME
Personal name Sastri, L S
9 (RLIN) 134402
245 10 - TITLE STATEMENT
Title Hindu law digest :
Remainder of title containing digest of cases from 1951-1961 /
Statement of responsibility, etc. L S Sastri; R L Anand
250 ## - EDITION STATEMENT
Edition statement 3d ed., rev.
260 ## - PUBLICATION, DISTRIBUTION, ETC. (IMPRINT)
Place of publication, distribution, etc. Allahabad :
Name of publisher, distributor, etc. Law Book Co.,
Date of publication, distribution, etc. 1962
300 ## - PHYSICAL DESCRIPTION
Pagination xxiv, 166 p.
Size 25 cm.
650 #0 - SUBJECT ADDED ENTRY--TOPICAL TERM
Topical term or geographic name as entry element Hindu law
Form subdivision Digests.
Geographic subdivision India
9 (RLIN) 147607
700 1# - ADDED ENTRY--PERSONAL NAME
Personal name Anand, Ram Lal,
Dates associated with a name 1890
942 ## - ADDED ENTRY ELEMENTS (KOHA)
Source of classification or shelving scheme Dewey Decimal Classification
Koha item type Books
Holdings
Lost status Source of classification or shelving scheme Damaged status Not for loan Collection code Permanent Location Current Location Shelving location Date acquired Source of acquisition Cost, normal purchase price Total Checkouts Full call number Date last seen Copy number Koha item type
  Dewey Decimal Classification     Non-fiction Central Library, University of Rajshahi Central Library, University of Rajshahi   28/05/1967 Pakistan law house 12.50   349.54 SAH 1962 17/08/2016 C-2 Books